| 000 | 00427cam a2200181ua 4500 | ||
|---|---|---|---|
| 020 | _cRs. 125.00 | ||
| 041 |
_aeng _h |
||
| 082 |
_a658.403801 _bSAD/MA |
||
| 100 | _aSadagopan, S . | ||
| 245 | _aManagement information systems | ||
| 250 |
_a1 / _b. |
||
| 260 |
_a : _bPrentice-hall of india Pvt Ltd , _c2001. |
||
| 300 | _a217 ; . | ||
| 365 | _aRs. 125.00 | ||
| 504 | _a | ||
| 942 | _cBK | ||
| 999 |
_c285 _d285 |
||